Szczegóły MARC21

Psychologia : kluczowe koncepcje. [T. 2], Motywacja i uczenie się /

003 -Nazwa inst., której nr kontr. jest w polu 001 [,]
    • @
    • Nazwa instytucji, której n kontrolny jest w polu 001
    • NUKAT
005 -DATA I CZAS OSTATNIEJ MODYFIKACJI [,]
    • @
    • pole kontrolne
    • 20241231091615.0
020 -Międzynarod. znormalizowany nr książki - ISBN [ , ]
    • a
    • Numer ISBN
    • 9788301163006 Find
    • q
    • Dopowiedzenie
    • t. 2
020 -Międzynarod. znormalizowany nr książki - ISBN [ , ]
    • a
    • Numer ISBN
    • 9788301162429 Find
    • q
    • Dopowiedzenie
    • t. 1-5
040 -Instytucja sporządzająca opis [ , ]
    • a
    • Instytucja, która sporządziła opis (NP)
    • KR U/sid
    • c
    • Instytucja, która sporządziła rekord (NP)
    • KR U/sid
    • d
    • Instytucja, która zmodyfikowała rekord (P)
    • TOR U/GKs
041 -Język dokumentu [1, ]
    • a
    • Język tekstu (P)
    • polski
    • h
    • Język tekstu oryginalnego i/lub pośredniego (P)
    • angielski
942 -Rodzaj dokumentu [ , ]
    • c
    • Rodzaj dokumentu
    • Książka
100 -Hasło główne - nazwa osobowa [1, ]
    • a
    • Nazwa osobowa (NP)
    • Zimbardo, Philip G.
    • d
    • Daty biograficzne (NP)
    • (1933-2024).
    • 9
    • KHW
    • 19247
240 -Tytuł ujednolicony [1,0]
    • a
    • Tytuł ujednolicony
    • Psychology
    • l
    • Język tekstu
    • (pol.)
    • 9
    • KHW
    • 19255
245 -Strefa tytułu i oznaczenia odpowiedzialności [1,0]
    • a
    • Tytuł
    • Psychologia : Find
    • b
    • Ciąg dalszy tytułu (NP)
    • kluczowe koncepcje. Find
    • n
    • Oznaczenie części (P)
    • [T. 2],
    • p
    • Nazwa części (P)
    • Motywacja i uczenie się /
    • c
    • Pozostałe elementy strefy tytułu i oznaczenia odpowiedzialności (NP)
    • Philip G. Zimbardo, Robert L. Johnson, Vivian McCann ; red. nauk. Maria Materska ; tł. Małgorzata Guzowska-Dąbrowska, Józef Radzicki, Ewa Czerniawska.
246 -Wariant tytułu [3,0]
    • a
    • Tytuł (NP)
    • Motywacja i uczenie się
260 -Strefa adresu wydawniczego [ , ]
    • a
    • Miejsce wydania (P)
    • Warszawa :
    • b
    • Nazwa wydawcy (P)
    • Wydawnictwo Naukowe PWN,
    • c
    • Data wydania (P)
    • 2010.
300 -Strefa opisu fizycznego [ , ]
    • a
    • Określenie formy książki i/lub objętość (NP)
    • 280, [1] s. :
    • b
    • Oznaczenie ilustracji (NP)
    • il. ;
    • c
    • Format (NP)
    • 24 cm.
336 -Typ zawartości [ , ]
    • a
    • Termin opisujący typ zawartości
    • Tekst
    • b
    • Kod określający zawartość
    • txt
    • 2
    • Źródło (terminu i kodu)
    • rdacontent
337 -Typ mediów [ , ]
    • a
    • Tryb odtwarzania
    • Bez urządzenia pośredniczącego
    • b
    • Kod typu mediów
    • n
    • 2
    • Źródło (terminu i kodu)
    • rdamedia
338 -Typ/rodzaj nośnika [ , ]
    • a
    • Hasło opisujące typ nośnika
    • Wolumin
    • b
    • Kod typu nośnika
    • nc
    • 2
    • Źródło (terminu i kodu)
    • rdacarrier
500 -Uwaga ogólna [ , ]
    • a
    • Uwaga ogólna (NP)
    • Tyt. oryg.: Psychology : core concepts.
504 -Uwaga dot. bibliogr. załącznikowej [ , ]
    • a
    • Uwaga dot. bibliografii załącznikowej
    • Bibliogr. s. 259-276. Indeks.
080 -Uniwersalna Klasyfikacja Dziesiętna [ , ]
    • 2
    • Identyfikator wydania tablic
    • UDC-P058
    • 9
    • UKD
    • 2448
    • a
    • Symbol klasyfikacji
    • 159.953
    • b
    • Dopowiedzenie
    • Pamięć. Uczenie się. Mnemotechnika. Zapominanie.
    • 4
    • UKD2
    • 7665
    • x
    • Poddział wspólny
    • (075.8)
    • c
    • Dopowiedzenie poddz. wspólnego
    • (Podręczniki dla szkół wyższych. Skrypty).
080 -Uniwersalna Klasyfikacja Dziesiętna [ , ]
    • 2
    • Identyfikator wydania tablic
    • UDC-P058
    • 9
    • UKD
    • 2443
    • a
    • Symbol klasyfikacji
    • 159.947
    • b
    • Dopowiedzenie
    • Wola. Kształtowanie woli. Wybór. Decyzja. Odpowiedzialność. Samodyscyplina. Motywy.
    • 4
    • UKD2
    • 7665
    • x
    • Poddział wspólny
    • (075.8)
    • c
    • Dopowiedzenie poddz. wspólnego
    • (Podręczniki dla szkół wyższych. Skrypty).
650 -Hasło przedmiotowe [ ,7]
    • a
    • Hasło przedmiotowe
    • Emocje
    • v
    • Określnik formalny
    • podręczniki.
    • 2
    • Źródło terminu
    • kaba
    • 9
    • KHW
    • 381430
650 -Hasło przedmiotowe [ ,7]
    • a
    • Hasło przedmiotowe
    • Motywacja (psychologia)
    • v
    • Określnik formalny
    • podręczniki.
    • 2
    • Źródło terminu
    • kaba
    • 9
    • KHW
    • 381429
650 -Hasło przedmiotowe [ ,7]
    • a
    • Hasło przedmiotowe
    • Psychologia wychowawcza
    • v
    • Określnik formalny
    • podręczniki.
    • 2
    • Źródło terminu
    • kaba
    • 9
    • KHW
    • 353693
650 -Hasło przedmiotowe [ ,7]
    • a
    • Hasło przedmiotowe
    • Pamięć
    • v
    • Określnik formalny
    • podręczniki.
    • 2
    • Źródło terminu
    • kaba
    • 9
    • KHW
    • 381431
980 -Symbol UKD [ , ]
    • a
    • UKD
    • 159.953:159.947](075.8)
700 -Hasło dodatkowe - nazwa osobowa [1, ]
    • a
    • Nazwa osobowa (NP)
    • Johnson, Robert Lee Find
    • d
    • Daty biograficzne (NP)
    • (1941- ).
    • 9
    • KHW
    • 19248
700 -Hasło dodatkowe - nazwa osobowa [1, ]
    • a
    • Nazwa osobowa (NP)
    • McCann, Vivian. Find
    • 9
    • KHW
    • 19250
700 -Hasło dodatkowe - nazwa osobowa [1, ]
    • a
    • Nazwa osobowa (NP)
    • Materska, Maria Find
    • d
    • Daty biograficzne (NP)
    • (1942- ).
    • e
    • Określenie rodzaju współpracy
    • Red.
    • 9
    • KHW
    • 19251
700 -Hasło dodatkowe - nazwa osobowa [1, ]
    • a
    • Nazwa osobowa (NP)
    • Guzowska-Dąbrowska, Małgorzata. Find
    • e
    • Określenie rodzaju współpracy
    • Tł.
    • 9
    • KHW
    • 19213
700 -Hasło dodatkowe - nazwa osobowa [1, ]
    • a
    • Nazwa osobowa (NP)
    • Radzicki, Józef. Find
    • e
    • Określenie rodzaju współpracy
    • Tł.
    • 9
    • KHW
    • 15942
700 -Hasło dodatkowe - nazwa osobowa [1, ]
    • a
    • Nazwa osobowa (NP)
    • Czerniawska, Ewa Find
    • d
    • Daty biograficzne (NP)
    • (1955- ).
    • e
    • Określenie rodzaju współpracy
    • Tł.
    • 9
    • KHW
    • 19253
710 -Hasło dodatkowe - nazwa ciała zbiorowego [2, ]
    • a
    • Nazwa ciała zbiorowego lub nazwa geograficzna jako pierwszy element (NP)
    • Wydawnictwo Naukowe PWN.
    • 4
    • Kod relacji
    • pbl
    • 9
    • KHW
    • 52648
920 -ISBN [ , ]
    • a
    • ISBN
    • 978-83-01-16300-6 Find
    • q
    • Dopowiedzenie
    • t. 2
920 -ISBN [ , ]
    • a
    • ISBN
    • 978-83-01-16242-9 Find
    • q
    • Dopowiedzenie
    • t. 1-5
Data inwentaryzacji Status udost. Lokalizacja Sygnatura Numer inwentarzowy
2010-10-131BGZ.114523/2Z.114524
2010-10-13-3BG WM.11347
2010-10-13-3BG WM.11348
2010-10-131BNS H.19619